00449nam a22001577a 450000500170000001000150001702000260003203500140005803700090007208200100008124500690009126000490016027000560020930000200026576000060028520250625155329.0 aENG-145561 a9788119670871c350.00 aEN-129093 bDBAD aS 21 aLove Stories Across Time And History/cCompiled by Abhishek Rana aNew Delhi bVitasta Publishing Pvt Ltdc2024 a4348/4C, Ansari Road, DaryaganjbNew Delhi e110002 a143p.c20cm(Pb) b1